000 00381nam a22001457a 4500
003 MACL
005 20191115155735.0
008 191115b xxu||||| |||| 00| 0 eng d
040 _c MACL
100 _aKarnik , Kiran
_977122
245 _aCrooked Minds : Creating an Innovative Society
260 _aDelhi
_bRupa Pub
_c2017
650 _aMotivation
_977123
942 _2ddc
_cBK
999 _c61302
_d61302